000
00224 a2200097 4500
001
18965
100
_a
Urry, S A
245
_a
Solution of prob in strength of materials
260
_a
_b
Mc Graw Hill
_c
090
_c
14053
_d
14053
942
_a
NUST-CAE
_c
M
_c
4507
999
_c
254038
_d
254038